5HLuxD.jpg

KING HENRY VIII SENIOR AND PRIMARY SCHOOL LIBRARY OPAC

Tighter / (Record no. 54)

000 -LEADER
fixed length control field 01311nam a2200397Ia 4500
001 - CONTROL NUMBER
control field 805723595
003 - CONTROL NUMBER IDENTIFIER
control field OCoLC
005 - DATE AND TIME OF LATEST TRANSACTION
control field 20190724143302.0
008 - FIXED-LENGTH DATA ELEMENTS--GENERAL INFORMATION
fixed length control field 120810t20122011nyu d 000 1 eng
020 ## - INTERNATIONAL STANDARD BOOK NUMBER
International Standard Book Number 9780375859335 (pbk.)
020 ## - INTERNATIONAL STANDARD BOOK NUMBER
International Standard Book Number 0375859330 (pbk.)
035 ## - SYSTEM CONTROL NUMBER
System control number (OCoLC)805723595
040 ## - CATALOGING SOURCE
Original cataloging agency NYP
Transcribing agency NYP
Modifying agency KH8
049 ## - LOCAL HOLDINGS (OCLC)
Holding library NYPP
082 ## - DEWEY DECIMAL CLASSIFICATION NUMBER
Classification number FIC GRI
091 ## - MICROFILM SHELF LOCATION (AM) [OBSOLETE]
Microfilm shelf location FIC
100 1# - MAIN ENTRY--PERSONAL NAME
Personal name Griffin, Adele.
Relator term author
245 10 - TITLE STATEMENT
Title Tighter /
Statement of responsibility, etc. Adele Griffin.
250 ## - EDITION STATEMENT
Edition statement 1st Ember ed.
260 ## - PUBLICATION, DISTRIBUTION, ETC.
Place of publication, distribution, etc. New York :
Name of publisher, distributor, etc. Ember,
Date of publication, distribution, etc. 2012.
300 ## - PHYSICAL DESCRIPTION
Extent 216 p. ;
Dimensions 21 cm.
500 ## - GENERAL NOTE
General note Includes excerpt from All you never wanted by Adele Griffin.
520 ## - SUMMARY, ETC.
Summary, etc. Based on Henry James's "The Turn of the Screw," tells the story of Jamie Atkinson's summer spent as a nanny in a small Rhode Island beach town, where she begins to fear that the estate may be haunted, especially after she learns of two deaths that occurred there the previous summer.
650 #0 - SUBJECT ADDED ENTRY--TOPICAL TERM
Topical term or geographic name entry element Death
Form subdivision Fiction.
650 #0 - SUBJECT ADDED ENTRY--TOPICAL TERM
Topical term or geographic name entry element Ghost stories.
650 #0 - SUBJECT ADDED ENTRY--TOPICAL TERM
Topical term or geographic name entry element Nannies
Form subdivision Fiction.
650 #0 - SUBJECT ADDED ENTRY--TOPICAL TERM
Topical term or geographic name entry element Social classes
Form subdivision Fiction.
650 #0 - SUBJECT ADDED ENTRY--TOPICAL TERM
Topical term or geographic name entry element Mental illness
Form subdivision Fiction.
651 #0 - SUBJECT ADDED ENTRY--GEOGRAPHIC NAME
Geographic name Rhode Island
Form subdivision Fiction.
655 #7 - INDEX TERM--GENRE/FORM
Genre/form data or focus term Ghost stories.
Source of term gsafd.
901 ## - LOCAL DATA ELEMENT A, LDA (RLIN)
a ika
b CATBL
901 ## - LOCAL DATA ELEMENT A, LDA (RLIN)
a MARS
942 ## - ADDED ENTRY ELEMENTS (KOHA)
Source of classification or shelving scheme
Koha item type Books - Fiction
945 ## - LOCAL PROCESSING INFORMATION (OCLC)
a .b196532267
946 ## - LOCAL PROCESSING INFORMATION (OCLC)
a m
Holdings
Withdrawn status Lost status Source of classification or shelving scheme Damaged status Not for loan Collection code Permanent Location Current Location Shelving location Date acquired Total Checkouts Full call number Barcode Date last seen Date last checked out Price effective from Koha item type
          Fiction KH8 Senior School Library KH8 Senior School Library Fiction 2019-07-24 1 FIC GRI 3KHSL000101221 2024-07-16 2023-09-06 2019-07-24 Books - Fiction

Powered By KH8 IT Dept